Normal view
MARC view
Entry Personal Name
001 - CONTROL NUMBER
- control field: 15652
003 - CONTROL NUMBER IDENTIFIER
- control field: OSt
005 - DATE AND TIME OF LATEST TRANSACTION
- control field: 20220124151045.0
008 - FIXED-LENGTH DATA ELEMENTS
- fixed length control field: 220124|| aca||aabn | a|a d
040 ## - CATALOGING SOURCE
- Original cataloging agency: OSt
- Transcribing agency: OSt
100 ## - HEADING--PERSONAL NAME
- Personal name: Cairns, George: Martyna Εliwa
670 ## - SOURCE DATA FOUND
- Source citation: Work cat.: (OSt): Cairns, George: Martyna Εliwa, A very Short, Fairly Interesting and Reasonably cheap book about international business, 2008
